000 00620nam a22002057a 4500
003 OSt
005 20160518140844.0
008 140701b xxu||||| |||| 00| 0 eng d
022 _a9780443102790
040 _cDNLM
082 _aQS520 T343c 2008
245 _aTheory and practici of histological techniques
250 _a6th ed
260 _aBritish
_bChurchill Livingstone Elsevier
_c2008
300 _axv,725p;
_bcol:ll
_c24cm
504 _aincludes references,appendices and subject index
600 _aBanceroft, John D.
_9291
630 _aTheary and practice of histological techniques
_9292
942 _2z
_cO_SHELF
999 _c104
_d104